000 00887nam a2200181 a 4500
001 000033857
005 20200930070556.0
008 110913s2006 es 000 0 spa d
020 _a8479930373
040 _aDO-SdBNP
_bspa
_cBNPHU
245 0 0 _aCristóbal Colón, 1506-2006, historia y leyenda :
_bCongreso Internacional /
_ccoordinadora Consuelo Varela.
260 _aPalos de la Frontera (Huelva) :
_bUniversidad Internacional de Andalucía, Sede Iberoamericana Santa María de la Rábida,
_c2006.
300 _a398 p. ;
_c25 cm.
500 _aIncluye referencias bibliográficas y notas al pie de las páginas
700 1 _aVarela, Consuelo
_d1945-
_959273
710 1 _aUniversidad Internacional de Andalucía, Sede Iberoamericana Santa María de la Rábida, Excmo. Ayuntamiento de Palos de la Frontera
_bConsejo Superior de Investigaciones Científicas-EEHA
_959274
049 _aBNPD
999 _c33348
_d33348